000 01577nam a2200409 c 4500
003 BLK
005 20240623004053.0
008 180413b bul|||||r ||||||| ||bul||
010 _aKNG00021147000
020 _a954-8901-20-Х
_bиздат.: Антос
040 _aBLK
041 _aBUL
_cBUL
080 _aБългарска литература
_b821.163.2
_x(092)
_z821.163.2(092)
080 _aБългарска литература
_b821.163.2
_x.09
_z821.163.2.09
080 _aБиографии
_b929
_x
_z929
100 1 _aПетров, Мильо Атанасов
_eпърви автор
_9253350
139 _aПетров, Мильо Атанасов
_bП 47
245 1 0 _aБългарска литература
_b1878 - 1944
_cМильо Атанасов Петров.
257 _aBGR
260 Шумен
_bАнтос
_c1997
_fВарна : Бряг принт
300 _a160 с.
_c20 см
380 _a82
490 1 _aУниверситетска поредица
500 _a470 тир.
650 4 _aБългарска литература, 1878-1944 г. - теми, образи, сюжети
_9261900
650 0 _aПисатели, български
_9241944
650 4 _aПоети, български
_9241945
653 _aлитература
653 _aбългарски писатели
653 _aбългарска литература
852 _aЦб 196095
856 4 _qpdf
_u
856 4 _qpdf
_u
942 _cKNG
_n0
944 _aCR
_c15.01.2003
_k
_lCRON CRON
944 _aED
_c14.11.2003
_k
999 _c19055
_d19055